• 首页
  • 本馆介绍
  • 公告通知
  • 最新文献
  • 馆藏检索
  • 电子资源
  • 读者导购
  • 参考咨询
  • 我的图书馆
  • 登录
  • 详细信息显示
  • 放入我的书架
  • 预约/预借图书
  • 作者相关作品
  • 分类相关作品
  • 丛书相关作品
  • 出版社相关作品

书目信息

  • 表格格式
  • 工作单格式
  • 卡片格式
题名:
台湾外志
    
 
作者: 江日栤 著 ;吴德铎 标校
分册:  
出版信息: 上海   上海古籍出版社  1986
页数: 458页
开本: 19cm
丛书名:
单 册:
中图分类: K295.8 , I242.4
科图分类:
主题词: 地方志--台湾 , 小说--中国
电子资源:
ISBN:
000 00735nam0 2200277 45
001 0186005313
005 20030104040346.7
010    @dCNY2.40
100    @a19951113d1986 em y0chiy0121 ea
101 0  @achi
102    @aCN@b310000
105    @ay z 000yy
106    @ar
200 10 @a台湾外志@Atai wan wai zhi@f(清)江日栤著@g吴德铎标校
210    @a上海@c上海古籍出版社@d1986
215    @a458页@d19cm
606    @a地方志@y台湾
606 0  @a小说@x中国
607    @a台湾@x地方志
690    @aK295.8@v3
690    @aI242.4
701  0 @a江日栤@f清@4著@Ajiang ri sheng
702  0 @a吴德铎@4标校@Awu de duo
801  0 @aCN@b深圳图书馆@c20030104
801  2 @aCN@bNLC@c20030104
905    @f1@b240774@f1@b240776@dI242.4@e145
    
    台湾外志/(清)江日栤著/吴德铎标校.-上海:上海古籍出版社,1986
    458页;19cm
    
    
    ISBN :CNY2.40
    
●
相关链接 在E读中查询图书 在五车中查询图书 在当当中查询图书 在豆瓣中查询图书


正题名:台湾外志     索取号:I242.4/145         预约/预借

序号 登录号 条形码 馆藏地/架位号 状态 备注
1 0240774   000112522   第一样本阅览室/ [索取号:I242.4/145] 在馆    
2 0240775   001629731   密集书库/ [索取号:I242.4/145] 在馆    
3 0240776   000112504   第二借阅区/ [索取号:I242.4/145] 在馆    
4 0240777   001629704   密集书库/ [索取号:I242.4/145] 在馆    
5 0240778   001629777   密集书库/ [索取号:I242.4/145] 在馆    
唐山师范学院图书馆 欢迎您!
大连网信软件有限公司© 版权所有